000 00986cam a2200277 i 4500
001 25040
003 Mx-PuUPA
005 20250210112525.0
008 140415s2016 ck d gr 000 0 spa d
020 _a9789587713466
040 _aMx-PuUPA
_bspa
_cMx-PuUPA
_dMx-PuUPA
_erda
041 0 _aspa
100 1 _aLerma González, Héctor Daniel,
_98374
_eautor
245 1 0 _aMetodología de la investigación :
_bpropuesta, anteproyecto y proyecto /
_cHéctor Daniel Lerma González
250 _aQuinta edición /
_babril
264 1 _aBogotá, Colombia :
_bEcoe Ediciones,
_c2016
300 _axxiii, 167 páginas :
_bgráficas, diagramas ;
_c24 cm
336 _2rdacontent
_atexto
_btxt
337 _2rdamedia
_asin medio
_bn
338 _2rdacarrier
_avolumen
_bnc
490 0 _aColección Educación y pedagogía
650 7 _2armarc
_aInvestigación científica
_xMetodología
942 _2ddc
_cLI
_h001.42
_iL433
999 _c25040
_d25040